[Event "Roskilde Domkirketurnering Mester 1997"]
[Site "Roskilde"]
[Date "1997.10.23"]
[Round "1"]
[White "Andersen, Jacob G"]
[Black "Molvig, Henrik"]
[Result "0-1"]
[WhiteElo "1809"]
[BlackElo "2190"]
[PlyCount "102"]
[EventDate "1997.??.??"]

1. Nf3 Nf6 2. c4 g6 3. b4 Bg7 4. Bb2 O-O 5. g3 c6 6. Bg2 d5 7. cxd5 cxd5 8. O-O
Qb6 9. Qb3 a5 10. bxa5 Qxa5 11. d3 Nbd7 12. Nbd2 Nc5 13. Qc2 Na4 14. Bd4 Bd7
15. Nb3 Qa6 16. Qd2 Rfc8 17. Rfc1 b6 18. Ne5 Be8 19. Bh3 e6 20. Ng4 Nxg4 21.
Bxg7 Kxg7 22. Bxg4 Nc5 23. Qe3 Qa4 24. Bh3 Nd7 25. Nd4 Kg8 26. Nf3 Rc5 27. Rxc5
bxc5 28. Qh6 Qc2 29. Re1 Rxa2 30. Ng5 Nf8 31. f4 c4 32. dxc4 dxc4 33. Nf3 c3
34. Qg5 Qe4 35. Qc5 Qc6 36. Qxc6 Bxc6 37. Rc1 c2 38. Ne1 Ba4 39. Bg2 f5 40. g4
Nd7 41. gxf5 gxf5 42. e4 Rb2 43. exf5 Rb1 44. Nd3 Nc5 45. Nxc5 Rxc1+ 46. Kf2
Rd1 47. Nxa4 c1=Q 48. fxe6 Qc2+ 49. Kg3 Qxa4 50. e7 Qa3+ 51. Kg4 Qxe7 0-1

[Event "Roskilde Domkirketurnering Mester 1997"]
[Site "Roskilde"]
[Date "1997.10.23"]
[Round "1"]
[White "Asmund, Gert"]
[Black "Pedersen, Jan Nordenbaek"]
[Result "0-1"]
[WhiteElo "1988"]
[BlackElo "2216"]
[PlyCount "110"]
[EventDate "1997.??.??"]

1. e4 c5 2. Nf3 Nc6 3. d4 cxd4 4. Nxd4 Nf6 5. Nc3 e5 6. Ndb5 d6 7. Nd5 Nxd5 8.
exd5 Nb8 9. c4 a6 10. Nc3 Be7 11. Be2 O-O 12. O-O f5 13. f4 Nd7 14. Rb1 Bf6 15.
Qc2 g6 16. b4 b6 17. Be3 Re8 18. Na4 Rb8 19. c5 bxc5 20. bxc5 Rxb1 21. Rxb1
exf4 22. Bf2 dxc5 23. Nxc5 Nxc5 24. Bxc5 Qc7 25. Qc4 Qe5 26. Bf3 Bd7 27. Qxa6
Qc3 28. Bf2 Bd4 29. Qf1 Bb5 30. Bxd4 Qxd4+ 31. Qf2 Qc3 32. Rd1 Ba4 33. Rf1 Qd3
34. Qb2 Bb5 35. Rb1 Bc4 36. h3 Bxd5 37. Bxd5+ Qxd5 38. Qb3 Qxb3 39. Rxb3 Re2
40. Ra3 Kg7 41. Kf1 Rb2 42. Ra7+ Kh6 43. a4 f3 44. gxf3 Rh2 45. Rb7 Rxh3 46.
Kg2 Rh4 47. a5 Ra4 48. Rb5 Kg5 49. Kg3 h5 50. Rb3 h4+ 51. Kh3 Rxa5 52. Rb4 Ra3
53. Kg2 Ra2+ 54. Kh3 Rf2 55. Rb3 Kh5 0-1

[Event "Roskilde Domkirketurnering Mester 1997"]
[Site "Roskilde"]
[Date "1997.10.23"]
[Round "1"]
[White "Brekka, Hanus"]
[Black "Andersen, Henrik Bloch"]
[Result "1/2-1/2"]
[WhiteElo "2005"]
[BlackElo "1923"]
[PlyCount "54"]
[EventDate "1997.??.??"]

1. e4 e5 2. Nf3 Nc6 3. d4 exd4 4. Nxd4 d6 5. Bc4 Nxd4 6. Qxd4 Qf6 7. Qd1 Be6 8.
Be2 Qg6 9. Bf3 Nf6 10. Qe2 c6 11. c4 Be7 12. Nc3 O-O 13. h4 h5 14. Bg5 Rfe8 15.
O-O Ng4 16. Bxg4 Bxg4 17. f3 Be6 18. Bxe7 Rxe7 19. Rad1 Rd7 20. Kh2 Qf6 21. g3
Qe5 22. f4 Qc5 23. Qf2 Qxf2+ 24. Rxf2 Bxc4 25. b3 Ba6 26. e5 d5 27. Ne4 b6
1/2-1/2

[Event "Roskilde Domkirketurnering Mester 1997"]
[Site "Roskilde"]
[Date "1997.10.23"]
[Round "1"]
[White "Hansen, Morten Moller"]
[Black "Madsen, Hans Henrik"]
[Result "0-1"]
[WhiteElo "1966"]
[BlackElo "2048"]
[PlyCount "108"]
[EventDate "1997.??.??"]

1. d4 g6 2. e4 Bg7 3. Nf3 d6 4. Bc4 Nf6 5. Nc3 O-O 6. O-O c6 7. Bg5 b5 8. Bd3
Nbd7 9. Qd2 a6 10. e5 dxe5 11. dxe5 Ng4 12. Be4 Ndxe5 13. Qxd8 Rxd8 14. Bxe7
Re8 15. Bd6 Bb7 16. h3 Nc4 17. hxg4 Nxd6 18. Bd3 c5 19. Rfd1 Rad8 20. Rab1 c4
21. Bf1 Bxc3 22. bxc3 Ne4 23. Rxd8 Rxd8 24. Bxc4 Nxc3 25. Rb3 Rd1+ 26. Kh2 Ne4
27. Ne5 Nd6 28. Bd3 Rd2 29. Kg3 Ne4+ 30. Bxe4 Bxe4 31. c4 bxc4 32. Nxc4 Rxa2
33. Nd6 Bd5 34. Rd3 Be6 35. g5 Kf8 36. Rd4 Ra5 37. Ne4 Ke7 38. f4 Rd5 39. Rb4
a5 40. Rb7+ Rd7 41. Rb8 Ra7 42. Nc3 a4 43. Rh8 a3 44. Rxh7 Rc7 45. Nb5 a2 46.
Nxc7 a1=Q 47. Nxe6 Kxe6 48. Kf2 Qa2+ 49. Kf3 Qd5+ 50. Kf2 Kf5 51. g3 Ke4 52.
Rh2 Qd2+ 53. Kg1 Qe3+ 54. Kf1 Kf3 0-1

[Event "Roskilde Domkirketurnering Mester 1997"]
[Site "Roskilde"]
[Date "1997.10.30"]
[Round "2"]
[White "Andersen, Henrik Bloch"]
[Black "Asmund, Gert"]
[Result "0-1"]
[WhiteElo "1923"]
[BlackElo "1988"]
[PlyCount "66"]
[EventDate "1997.??.??"]

1. e4 e5 2. Nf3 Nc6 3. Bb5 a6 4. Ba4 Nf6 5. Qe2 d6 6. c3 Be7 7. O-O O-O 8. d3
Bg4 9. Nbd2 Nh5 10. Re1 f5 11. exf5 Nf4 12. Qe3 Bxf5 13. Bxc6 bxc6 14. d4 Bg5
15. Nxg5 Qxg5 16. Qg3 Qxg3 17. hxg3 Nd3 18. Re3 exd4 19. cxd4 Rae8 20. Nf1 Bg6
21. Rxe8 Rxe8 22. Be3 Nxb2 23. Rc1 Be4 24. Nd2 Bd5 25. a3 Kf7 26. Kf1 Ke6 27.
Ke2 Kd7 28. f3 Rb8 29. g4 Na4 30. g5 Rb2 31. g4 Ra2 32. f4 Rxa3 33. Rh1 Bxh1
0-1

[Event "Roskilde Domkirketurnering Mester 1997"]
[Site "Roskilde"]
[Date "1997.10.30"]
[Round "2"]
[White "Andersen, Jacob G"]
[Black "Brekka, Hanus"]
[Result "0-1"]
[WhiteElo "1809"]
[BlackElo "2005"]
[PlyCount "120"]
[EventDate "1997.??.??"]

1. Nf3 c5 2. c4 Nf6 3. Nc3 g6 4. b3 Bg7 5. Bb2 O-O 6. g3 Nc6 7. Bg2 d6 8. d4
cxd4 9. Nxd4 Bd7 10. O-O a6 11. Nd5 Ng4 12. Nxc6 bxc6 13. Bxg7 Kxg7 14. Ne3 Nf6
15. Qd4 Qc7 16. Rad1 Rad8 17. f4 Kg8 18. f5 Bc8 19. g4 g5 20. Rd3 Nd7 21. f6
Ne5 22. Nf5 Bxf5 23. Rxf5 exf6 24. Rh3 Kg7 25. Be4 h6 26. Bf3 Qa5 27. Bxc6 Qe1+
28. Rf1 Qxe2 29. Bf3 Qxa2 30. Be4 Qe2 31. Bf3 Qd3 32. Qxd3 Nxd3 33. Bb7 Nc5 34.
Bd5 Ne6 35. Rhf3 Nf4 36. h4 Rb8 37. hxg5 hxg5 38. Be4 Rb4 39. Bc6 Rfb8 40. Bd5
Rxb3 41. Rxb3 Rxb3 42. c5 Rg3+ 43. Kh1 Rh3+ 44. Kg1 Rg3+ 45. Kf2 Rd3 46. Bc4
Rd4 47. Bxa6 dxc5 48. Bc8 Rd2+ 49. Ke3 Rd3+ 50. Kf2 c4 51. Rc1 c3 52. Bf5 Rh3
53. Ra1 c2 54. Rc1 Nd3+ 55. Kg2 Re3 56. Bxd3 Rxd3 57. Rxc2 Kg6 58. Rc6 Re3 59.
Ra6 Re6 60. Ra5 Kg7 0-1

[Event "Roskilde Domkirketurnering Mester 1997"]
[Site "Roskilde"]
[Date "1997.10.30"]
[Round "2"]
[White "Molvig, Henrik"]
[Black "Madsen, Hans Henrik"]
[Result "1-0"]
[WhiteElo "2190"]
[BlackElo "2048"]
[PlyCount "115"]
[EventDate "1997.??.??"]

1. d4 d5 2. c4 e6 3. Nc3 Nf6 4. cxd5 exd5 5. Bg5 c6 6. e3 Be7 7. Bd3 O-O 8. Qc2
Nbd7 9. Nf3 Re8 10. O-O Nf8 11. Bxf6 Bxf6 12. b4 Bg4 13. Nd2 Rc8 14. Bf5 Bxf5
15. Qxf5 Be7 16. Rab1 Bd6 17. Rfc1 Re6 18. b5 Rf6 19. Qd3 Rh6 20. f4 g5 21.
bxc6 bxc6 22. Ne2 Ne6 23. g3 gxf4 24. Nxf4 Nxf4 25. exf4 Qd7 26. Nf3 Re8 27.
Re1 Rhe6 28. Rxe6 fxe6 29. Ne5 Bxe5 30. fxe5 Qg7 31. Rc1 Rc8 32. Qa6 Rf8 33.
Rf1 Rxf1+ 34. Kxf1 Qg4 35. Qd3 Qg5 36. Kf2 Qc1 37. Qe3 Qc2+ 38. Kf3 Qd1+ 39.
Kg2 Qc2+ 40. Kh3 Qf5+ 41. g4 Qg6 42. Kg3 h6 43. h4 Kg7 44. h5 Qb1 45. g5 Qf5
46. Kh4 Qb1 47. gxh6+ Kh7 48. Qf4 Qh1+ 49. Kg5 Qg2+ 50. Kf6 Qg8 51. Ke7 a5 52.
Qf7+ Qxf7+ 53. Kxf7 c5 54. dxc5 d4 55. c6 d3 56. c7 d2 57. c8=Q d1=Q 58. Qg8+
1-0

[Event "Roskilde Domkirketurnering Mester 1997"]
[Site "Roskilde"]
[Date "1997.10.30"]
[Round "2"]
[White "Pedersen, Jan Nordenbaek"]
[Black "Hansen, Morten Moller"]
[Result "1-0"]
[WhiteElo "2216"]
[BlackElo "1966"]
[PlyCount "93"]
[EventDate "1997.??.??"]

1. e4 d6 2. d4 Nf6 3. Nc3 g6 4. Be2 c6 5. a4 Bg7 6. Nf3 O-O 7. h3 Qc7 8. O-O
Nbd7 9. Re1 e5 10. Bf1 Kh8 11. g3 Ng8 12. dxe5 Nxe5 13. Nd4 Qb6 14. Nb3 Be6 15.
a5 Qc7 16. f4 Nd7 17. Be3 Bxb3 18. cxb3 f5 19. Bd4 h6 20. exf5 Rxf5 21. Bxg7+
Kxg7 22. Qd4+ Kh7 23. b4 a6 24. Bd3 Rf7 25. Re6 Rf6 26. Rae1 Raf8 27. h4 Rxe6
28. Rxe6 Rf6 29. Re8 d5 30. h5 Kg7 31. Bxg6 Nf8 32. Ne2 Qd7 33. Qe5 Qd6 34.
Qxd6 Rxd6 35. Bd3 Rd7 36. Nd4 Kf7 37. Re2 Ne7 38. g4 Kf6 39. Nf3 Rc7 40. g5+
Kg7 41. Nd4 hxg5 42. fxg5 Kg8 43. Ne6 Nxe6 44. Rxe6 Kf7 45. Rf6+ Kg8 46. h6 Rc8
47. g6 1-0

[Event "Roskilde Domkirketurnering Mester 1997"]
[Site "Roskilde"]
[Date "1997.11.06"]
[Round "3"]
[White "Asmund, Gert"]
[Black "Andersen, Jacob G"]
[Result "1-0"]
[WhiteElo "1988"]
[BlackElo "1809"]
[PlyCount "115"]
[EventDate "1997.??.??"]

1. e4 c6 2. d4 d5 3. exd5 cxd5 4. c4 Nf6 5. Nc3 e6 6. Nf3 Bb4 7. Bg5 O-O 8. Be2
b6 9. O-O Bb7 10. cxd5 exd5 11. Qa4 Be7 12. Ne5 Nfd7 13. Bxe7 Qxe7 14. Nxd7
Nxd7 15. Bf3 Qd6 16. Nb5 Qf4 17. Rac1 Nc5 18. Qa3 Ne4 19. Qe3 Qxe3 20. fxe3
Rac8 21. Bxe4 dxe4 22. Nd6 Rxc1 23. Rxc1 Bd5 24. a3 h6 25. Nc8 Rd8 26. Nxa7 Rd7
27. Nb5 Kh7 28. Rc8 Bb7 29. Rb8 Kg6 30. Kf2 Kf6 31. Nd6 Rxd6 32. Rxb7 Rc6 33.
b4 g6 34. a4 Ke6 35. a5 bxa5 36. bxa5 Rc2+ 37. Kg3 Rc3 38. Kf4 f5 39. Rb6+ Kf7
40. a6 Ra3 41. Ke5 Ra5+ 42. d5 g5 43. Kxf5 Rxd5+ 44. Kxe4 Ra5 45. Rxh6 Ra4+ 46.
Kf5 Ra5+ 47. Kg4 Ra2 48. g3 Kg7 49. Rb6 Ra5 50. e4 Re5 51. a7 Ra5 52. e5 Rxa7
53. Kxg5 Re7 54. e6 Ra7 55. Rb5 Rc7 56. Rd5 Rc4 57. Rd7+ Kh8 58. Kh6 1-0

[Event "Roskilde Domkirketurnering Mester 1997"]
[Site "Roskilde"]
[Date "1997.11.06"]
[Round "3"]
[White "Brekka, Hanus"]
[Black "Molvig, Henrik"]
[Result "0-1"]
[WhiteElo "2005"]
[BlackElo "2190"]
[PlyCount "84"]
[EventDate "1997.??.??"]

1. c4 Nf6 2. Nc3 g6 3. b3 Bg7 4. Bb2 d6 5. Nf3 O-O 6. g3 e5 7. d3 Re8 8. e4 Nc6
9. Bg2 Nd7 10. O-O Nc5 11. Nd5 Bg4 12. Ne3 Bxf3 13. Bxf3 Ne6 14. Bg2 Ncd4 15.
Kh1 c6 16. Rb1 Rf8 17. Nc2 Nxc2 18. Qxc2 Qe7 19. Qe2 Bh6 20. Bc1 Bxc1 21. Rbxc1
Nd4 22. Qe3 a5 23. f4 f6 24. Rf2 b5 25. Bf3 bxc4 26. dxc4 c5 27. f5 a4 28. g4
axb3 29. axb3 Ra3 30. Rb1 Qb7 31. Rfb2 g5 32. Bd1 Rfa8 33. Kg1 Ra2 34. b4 Rxb2
35. Rxb2 Ra1 36. Qd3 cxb4 37. Kf2 Qb6 38. Kg2 Qc5 39. Qd2 b3 40. Qd3 Ra2 41.
Rxa2 bxa2 42. Qc3 Qa7 0-1

[Event "Roskilde Domkirketurnering Mester 1997"]
[Site "Roskilde"]
[Date "1997.11.06"]
[Round "3"]
[White "Hansen, Morten Moller"]
[Black "Andersen, Henrik Bloch"]
[Result "1/2-1/2"]
[WhiteElo "1966"]
[BlackElo "1923"]
[PlyCount "34"]
[EventDate "1997.??.??"]

1. Nf3 c5 2. g3 g6 3. Bg2 Bg7 4. d3 Nf6 5. e4 d6 6. O-O e5 7. c3 Nc6 8. Re1 O-O
9. h3 Nd7 10. Na3 Qe7 11. Nc4 f5 12. Ne3 Nf6 13. Nd5 Nxd5 14. exd5 Nd8 15. d4
cxd4 16. Nxd4 Qd7 17. Nf3 Nf7 1/2-1/2

[Event "Roskilde Domkirketurnering Mester 1997"]
[Site "Roskilde"]
[Date "1997.11.06"]
[Round "3"]
[White "Madsen, Hans Henrik"]
[Black "Pedersen, Jan Nordenbaek"]
[Result "0-1"]
[WhiteElo "2048"]
[BlackElo "2216"]
[PlyCount "62"]
[EventDate "1997.??.??"]

1. d4 Nf6 2. Bg5 Ne4 3. Bf4 c5 4. f3 Qa5+ 5. c3 Nf6 6. Nd2 cxd4 7. Nb3 Qf5 8.
Bxb8 Rxb8 9. Nxd4 Qc5 10. e4 a6 11. a4 d6 12. Qb3 e5 13. Bc4 exd4 14. Bxf7+ Ke7
15. cxd4 Qa5+ 16. Kf2 d5 17. Bxd5 Nxd5 18. exd5 Kf6 19. Ne2 Qb4 20. Qe3 Bd6 21.
Rhe1 Bf5 22. h4 Kf7 23. g4 Rhe8 24. Qc3 Bd7 25. Ng3 Qxc3 26. bxc3 Bxg3+ 27.
Kxg3 Rxe1 28. Rxe1 Bxa4 29. d6 Re8 30. Rb1 b5 31. Kf4 Ke6 0-1

[Event "Roskilde Domkirketurnering Mester 1997"]
[Site "Roskilde"]
[Date "1997.11.13"]
[Round "4"]
[White "Andersen, Henrik Bloch"]
[Black "Madsen, Hans Henrik"]
[Result "0-1"]
[WhiteElo "1923"]
[BlackElo "2048"]
[PlyCount "82"]
[EventDate "1997.??.??"]

1. e4 e5 2. Nf3 Nf6 3. Nc3 Nc6 4. Bc4 Nxe4 5. Nxe4 d5 6. Bd3 dxe4 7. Bxe4 Qd6
8. Qe2 f6 9. c3 Bd7 10. b4 Qe6 11. Qb5 Nxb4 12. Qxb7 Bc6 13. Bxc6+ Qxc6 14.
Qxc6+ Nxc6 15. Rb1 e4 16. Nh4 O-O-O 17. f3 g5 18. Nf5 exf3 19. gxf3 Ne5 20. Rf1
Nd3+ 21. Kd1 Bc5 22. Rb3 Rd5 23. Ng3 Rhd8 24. Ne4 f5 25. Nxc5 Nxc5 26. Rb5 a6
27. Ra5 Kb7 28. d4 Kb6 29. Ra3 f4 30. Kc2 Ne6 31. Re1 Ng7 32. Re7 R8d7 33. Rxd7
Rxd7 34. Rb3+ Kc6 35. Kd3 Nf5 36. Ke4 Nh4 37. Ba3 Rd8 38. Ke5 Nxf3+ 39. Kf6 Nd2
40. Rb4 f3 41. Ra4 f2 0-1

[Event "Roskilde Domkirketurnering Mester 1997"]
[Site "Roskilde"]
[Date "1997.11.13"]
[Round "4"]
[White "Andersen, Jacob G"]
[Black "Hansen, Morten Moller"]
[Result "0-1"]
[WhiteElo "1809"]
[BlackElo "1966"]
[PlyCount "84"]
[EventDate "1997.??.??"]

1. Nf3 d5 2. c4 c6 3. b3 Nf6 4. Bb2 Bf5 5. g3 Nbd7 6. Bg2 e6 7. O-O Bd6 8. d4
O-O 9. Nc3 Qe7 10. Re1 Rad8 11. cxd5 exd5 12. a3 Ne4 13. b4 Nb6 14. Qb3 Be6 15.
Na4 Nc4 16. Nc5 g5 17. Rad1 b6 18. Nd3 f6 19. Bc1 Rb8 20. Nb2 a5 21. Qd3 Bf7
22. bxa5 bxa5 23. Nxc4 dxc4 24. Qc2 c3 25. d5 Bxd5 26. Nd4 Qe5 27. Bxe4 Qxe4
28. Qxe4 Bxe4 29. Be3 Bxa3 30. Bc1 Bb2 31. f3 Bd5 32. Kg2 c5 33. Nf5 Be6 34.
Ne3 a4 35. Rd6 Rfe8 36. Ra6 a3 37. Rd1 Ra8 38. Rxa8 Rxa8 39. Nc2 Bb3 40. Bxb2
axb2 41. Ne3 Bxd1 42. Nxd1 b1=Q 0-1

[Event "Roskilde Domkirketurnering Mester 1997"]
[Site "Roskilde"]
[Date "1997.11.13"]
[Round "4"]
[White "Brekka, Hanus"]
[Black "Asmund, Gert"]
[Result "0-1"]
[WhiteElo "2005"]
[BlackElo "1988"]
[PlyCount "109"]
[EventDate "1997.??.??"]

1. Nf3 Nf6 2. d4 d5 3. c4 c6 4. Nc3 e6 5. cxd5 exd5 6. Bg5 Be7 7. Qc2 Bg4 8.
Ne5 Bh5 9. e3 Ne4 10. Bxe7 Qxe7 11. a3 f6 12. Nd3 Nd7 13. Nf4 Bf7 14. Bd3 Nxc3
15. bxc3 g6 16. O-O O-O 17. c4 Nb6 18. c5 Nd7 19. Rab1 Rab8 20. Rb2 Rfc8 21.
Rc1 Kg7 22. Qa4 a6 23. Rcb1 g5 24. Ne2 Nf8 25. Ng3 Bg6 26. Bf5 Qc7 27. Rb6 Nd7
28. R6b4 a5 29. R4b2 Rd8 30. Rc1 Kf7 31. Qb3 Nf8 32. a4 Ne6 33. Qd1 Ng7 34. Qg4
Re8 35. Rb6 Re7 36. Rcb1 Kf8 37. Qh3 Kf7 38. Qg4 Kf8 39. Bxg6 hxg6 40. Qd1 Kf7
41. Qd2 Ra8 42. Ne2 Rh8 43. g3 Qc8 44. Qxa5 Ne6 45. Qe1 Nd8 46. Qf1 Kf8 47. Qg2
Reh7 48. Nc3 g4 49. a5 Qf5 50. h4 gxh3 51. Qh1 h2+ 52. Kf1 Qd3+ 53. Ke1 Qxc3+
54. Ke2 Qxa5 55. Kf3 0-1

[Event "Roskilde Domkirketurnering Mester 1997"]
[Site "Roskilde"]
[Date "1997.11.20"]
[Round "5"]
[White "Asmund, Gert"]
[Black "Molvig, Henrik"]
[Result "1-0"]
[WhiteElo "1988"]
[BlackElo "2190"]
[PlyCount "65"]
[EventDate "1997.??.??"]

1. e4 c5 2. Nf3 d6 3. d4 cxd4 4. Nxd4 Nf6 5. Nc3 a6 6. Bc4 e6 7. Bb3 b5 8. f3
Be7 9. O-O O-O 10. Be3 Qc7 11. Qe1 Nbd7 12. a3 Ne5 13. Rd1 Bd7 14. Qg3 Nc4 15.
Bc1 Nxa3 16. Bh6 Nh5 17. Qg4 Nc4 18. Bxc4 Qxc4 19. Qxh5 gxh6 20. Qxh6 b4 21.
Nce2 Qc5 22. f4 f6 23. Kh1 Rf7 24. Rd3 Bf8 25. Rg3+ Kh8 26. Qh4 Re8 27. f5 e5
28. Ne6 Qxc2 29. Qg4 Be7 30. Qh5 Bxe6 31. fxe6 Rff8 32. Rh3 Qxe4 33. Rf5 1-0

[Event "Roskilde Domkirketurnering Mester 1997"]
[Site "Roskilde"]
[Date "1997.11.20"]
[Round "5"]
[White "Hansen, Morten Moller"]
[Black "Brekka, Hanus"]
[Result "1-0"]
[WhiteElo "1966"]
[BlackElo "2005"]
[PlyCount "65"]
[EventDate "1997.??.??"]

1. Nf3 Nf6 2. g3 c5 3. Bg2 Nc6 4. d3 g6 5. e4 d6 6. h3 Bg7 7. O-O O-O 8. Re1
Nd7 9. Nc3 Nd4 10. Bg5 h6 11. Bd2 b6 12. Qc1 Kh7 13. Nh2 Ne5 14. f4 Nec6 15.
Nd5 e5 16. c3 Nb5 17. Qc2 Nc7 18. Ne3 Ne7 19. Rf1 f6 20. Rf2 Rb8 21. Raf1 Ng8
22. f5 g5 23. Bf3 Bd7 24. h4 Ne7 25. hxg5 fxg5 26. Nhg4 Ng8 27. Rh2 Ne8 28. Nd5
Nc7 29. Nxc7 Qxc7 30. Bxg5 Nf6 31. Nxh6 Bxh6 32. Rxh6+ Kg7 33. Rg6+ 1-0

[Event "Roskilde Domkirketurnering Mester 1997"]
[Site "Roskilde"]
[Date "1997.11.20"]
[Round "5"]
[White "Madsen, Hans Henrik"]
[Black "Andersen, Jacob G"]
[Result "1-0"]
[WhiteElo "2048"]
[BlackElo "1809"]
[PlyCount "105"]
[EventDate "1997.??.??"]

1. d4 Nf6 2. Bg5 d5 3. Bxf6 exf6 4. e3 g6 5. c4 Be6 6. Nc3 f5 7. Nge2 c6 8.
cxd5 Bxd5 9. Nf4 Bb4 10. a3 Bxc3+ 11. bxc3 c5 12. c4 Qa5+ 13. Qd2 Qxd2+ 14.
Kxd2 Bc6 15. Nd3 Nd7 16. d5 Ba4 17. Nb2 Nb6 18. Nxa4 Nxa4 19. Rb1 O-O 20. Be2
Rab8 21. Rb5 Rfc8 22. Ra5 b5 23. Rxb5 Rxb5 24. cxb5 Nb6 25. Kc2 Nxd5 26. Rd1
Nb6 27. Rd6 Kf8 28. Kc3 Ke7 29. Rd2 h6 30. Bc4 Na4+ 31. Kb3 Nb6 32. a4 f6 33.
a5 Nd7 34. Bd5 Ne5 35. f4 Ng4 36. Bc6 Rd8 37. Rxd8 Kxd8 38. b6 a6 39. Kc4 Nxe3+
40. Kxc5 Kc8 41. Bd5 Ng4 42. Kc6 Ne3 43. Bf7 g5 44. b7+ Kb8 45. Kb6 Nc2 46.
Kxa6 Nb4+ 47. Kb6 gxf4 48. a6 Nxa6 49. Kxa6 f3 50. gxf3 f4 51. Bh5 f5 52. h4
Kc7 53. Ka7 1-0

[Event "Roskilde Domkirketurnering Mester 1997"]
[Site "Roskilde"]
[Date "1997.11.27"]
[Round "6"]
[White "Andersen, Jacob G"]
[Black "Pedersen, Jan Nordenbaek"]
[Result "0-1"]
[WhiteElo "1809"]
[BlackElo "2216"]
[PlyCount "66"]
[EventDate "1997.??.??"]

1. Nf3 Nf6 2. c4 c5 3. Nc3 Nc6 4. b3 d5 5. cxd5 Nxd5 6. Bb2 e5 7. Rc1 Nxc3 8.
Bxc3 f6 9. g3 Be7 10. Qc2 Be6 11. Bg2 Qd7 12. O-O O-O 13. Rfd1 Rac8 14. Nh4 Nd4
15. Bxd4 cxd4 16. Qe4 b6 17. Kh1 f5 18. Qb7 e4 19. Qxd7 Bxd7 20. f4 g5 21. fxg5
Bxg5 22. Bh3 Rxc1 23. Rxc1 Bxd2 24. Rc7 Bc8 25. Rxa7 Bg5 26. Bf1 Rd8 27. Rc7
Be6 28. Rc6 Bd5 29. Rxb6 d3 30. exd3 exd3+ 31. Ng2 d2 32. Be2 Re8 33. Bd1 Re1#
0-1

[Event "Roskilde Domkirketurnering Mester 1997"]
[Site "Roskilde"]
[Date "1997.11.27"]
[Round "6"]
[White "Asmund, Gert"]
[Black "Hansen, Morten Moller"]
[Result "1/2-1/2"]
[WhiteElo "1988"]
[BlackElo "1966"]
[PlyCount "113"]
[EventDate "1997.??.??"]

1. e4 d6 2. d4 Nf6 3. Nc3 c6 4. f4 Qc7 5. Nf3 b5 6. Bd3 b4 7. Ne2 Bb7 8. Ng3 c5
9. c3 bxc3 10. bxc3 cxd4 11. Bb5+ Bc6 12. Bxc6+ Qxc6 13. Qxd4 Qa6 14. c4 Nc6
15. Qc3 e6 16. Bd2 Be7 17. O-O O-O 18. h3 d5 19. cxd5 exd5 20. e5 Ne4 21. Nxe4
dxe4 22. Ng5 Bxg5 23. fxg5 Rac8 24. Bf4 Qd3 25. Qxd3 exd3 26. Rad1 Rcd8 27. Rf3
Nd4 28. Rf2 Ne2+ 29. Kh2 Rd5 30. g3 Rfd8 31. Rd2 Nc3 32. Rf1 Ne4 33. Rdd1 Nc3
34. Rd2 Ne4 35. Rb2 Rc8 36. Rd1 Rd7 37. Rb4 Nc5 38. Be3 Ne6 39. Rb3 Rcd8 40.
Ra3 g6 41. Rd2 Rd5 42. Kg2 Rxe5 43. Raxd3 Rxe3 44. Rxd8+ Nxd8 45. Rxd8+ Kg7 46.
Rd2 Re5 47. h4 Ra5 48. Kf3 h6 49. gxh6+ Kxh6 50. g4 Kg7 51. Rc2 Kf6 52. Kf4
Ra4+ 53. Kf3 Ke5 54. Re2+ Kd5 55. Rd2+ Ke5 56. Re2+ Kd5 57. Re7 1/2-1/2

[Event "Roskilde Domkirketurnering Mester 1997"]
[Site "Roskilde"]
[Date "1997.11.27"]
[Round "6"]
[White "Brekka, Hanus"]
[Black "Madsen, Hans Henrik"]
[Result "0-1"]
[WhiteElo "2005"]
[BlackElo "2048"]
[PlyCount "114"]
[EventDate "1997.??.??"]

1. Nc3 d5 2. e4 dxe4 3. Nxe4 e5 4. Bc4 f5 5. Ng3 Nf6 6. d3 Nc6 7. Bd2 Bc5 8.
Nf3 f4 9. Ne4 Nxe4 10. dxe4 Bg4 11. c3 Qf6 12. b4 Bb6 13. a4 a5 14. b5 Ne7 15.
Bc1 Rd8 16. Qe2 Bc5 17. Ba3 Bxa3 18. Rxa3 Qd6 19. Ra2 Qc5 20. O-O Bxf3 21. gxf3
Rf8 22. Kh1 Rf6 23. Rg1 Rg6 24. Rxg6 Nxg6 25. Ra1 Qd6 26. Qa2 Qd2 27. Be2 Qxa2
28. Rxa2 b6 29. Kg1 Nf8 30. Kf1 Rd6 31. Rc2 Nd7 32. Bc4 Nc5 33. Ra2 Rd1+ 34.
Ke2 Rh1 35. Bd5 Rxh2 36. Ra1 Rh6 37. Bc6+ Ke7 38. Bd5 Rg6 39. Rh1 Nxa4 40. Kd2
h6 41. Rh5 Kd6 42. Rf5 Rf6 43. Rh5 Nc5 44. Rh1 Rg6 45. Bf7 Rf6 46. Bd5 Ne6 47.
Ke2 Kc5 48. Rb1 Ng5 49. Bc6 Rd6 50. Bd5 Nh7 51. Rg1 g5 52. Bc6 Nf6 53. Rb1 Ng8
54. Bd5 Ne7 55. Ba2 Nc8 56. Bb3 Na7 57. Ba4 Kc4 0-1

[Event "Roskilde Domkirketurnering Mester 1997"]
[Site "Roskilde"]
[Date "1997.11.27"]
[Round "6"]
[White "Molvig, Henrik"]
[Black "Andersen, Henrik Bloch"]
[Result "1-0"]
[WhiteElo "2190"]
[BlackElo "1923"]
[PlyCount "73"]
[EventDate "1997.??.??"]

1. d4 d5 2. c4 c6 3. Nf3 Nf6 4. Nc3 e6 5. Bg5 Be7 6. e3 h6 7. Bh4 Nbd7 8. Rc1
g5 9. Bg3 Ne4 10. Nxe4 dxe4 11. Nd2 f5 12. Qh5+ Kf8 13. Qd1 Nf6 14. Be5 Bd6 15.
Bxd6+ Qxd6 16. c5 Qe7 17. Nc4 Bd7 18. Be2 Be8 19. f3 Kg7 20. fxe4 Nxe4 21. O-O
g4 22. Bd3 Nf6 23. Qe2 Bg6 24. Ne5 h5 25. e4 fxe4 26. Nxg6 Kxg6 27. Bxe4+ Nxe4
28. Qxe4+ Kg7 29. Qe5+ Kg6 30. h3 gxh3 31. Rc3 h4 32. Qe4+ Kg7 33. Qg4+ Kh6 34.
Rxh3 Qg5 35. Rxh4+ Kg6 36. Qxe6+ Kg7 37. Qf7# 1-0

[Event "Roskilde Domkirketurnering Mester 1997"]
[Site "Roskilde"]
[Date "1997.12.04"]
[Round "7"]
[White "Andersen, Henrik Bloch"]
[Black "Andersen, Jacob G"]
[Result "0-1"]
[WhiteElo "1923"]
[BlackElo "1809"]
[PlyCount "66"]
[EventDate "1997.??.??"]

1. e4 c6 2. d4 d5 3. Nc3 dxe4 4. Nxe4 Bf5 5. Ng3 Bg6 6. h4 h6 7. h5 Bh7 8. Nf3
Nd7 9. Bd3 Bxd3 10. Qxd3 Qc7 11. Bd2 e6 12. O-O-O Ngf6 13. Qe2 O-O-O 14. Ne5
Nb6 15. Ba5 Rd5 16. Bxb6 axb6 17. c4 Ra5 18. Kb1 Bd6 19. f4 b5 20. c5 Bxe5 21.
fxe5 Nd5 22. Ne4 Ra4 23. Nd6+ Kb8 24. Rhf1 Qa5 25. Qd2 b4 26. Rxf7 Rxa2 27.
Rxb7+ Ka8 28. Kc2 Nc3 29. Rxb4 Qxb4 30. Qxc3 Qa4+ 31. Kd2 Rf8 32. Re1 Qa5 33.
Re2 Rxb2+ 0-1

[Event "Roskilde Domkirketurnering Mester 1997"]
[Site "Roskilde"]
[Date "1997.12.04"]
[Round "7"]
[White "Hansen, Morten Moller"]
[Black "Molvig, Henrik"]
[Result "0-1"]
[WhiteElo "1966"]
[BlackElo "2190"]
[PlyCount "70"]
[EventDate "1997.??.??"]

1. Nf3 Nf6 2. g3 g6 3. d3 Bg7 4. Bg2 O-O 5. e4 d6 6. O-O c5 7. Nc3 Nc6 8. h3
Nd4 9. Be3 e5 10. Ne1 Be6 11. Qd2 Qd7 12. Kh2 d5 13. Bg5 dxe4 14. Nxe4 Nxe4 15.
dxe4 f6 16. Be3 Qe7 17. c3 Nc6 18. f4 Bc4 19. Rg1 Rad8 20. Qf2 b6 21. h4 Rd6
22. Bf3 f5 23. Qg2 fxe4 24. Bxe4 exf4 25. Bxf4 Rxf4 26. gxf4 Qxh4+ 27. Qh3
Qxf4+ 28. Kh1 Qxe4+ 29. Qg2 Qf5 30. Qg4 Bd5+ 31. Kh2 Qf2+ 32. Ng2 Be5+ 33. Kh1
Be6 34. Qg5 Rd3 35. Raf1 Rh3# 0-1

[Event "Roskilde Domkirketurnering Mester 1997"]
[Site "Roskilde"]
[Date "1997.12.04"]
[Round "7"]
[White "Madsen, Hans Henrik"]
[Black "Asmund, Gert"]
[Result "1-0"]
[WhiteElo "2048"]
[BlackElo "1988"]
[PlyCount "51"]
[EventDate "1997.??.??"]

1. d4 Nf6 2. Bg5 c5 3. Bxf6 exf6 4. d5 d6 5. e3 Be7 6. Bd3 f5 7. Nd2 g6 8. Ne2
Nd7 9. c3 Ne5 10. Bc2 b5 11. h3 Bb7 12. f4 Nd7 13. c4 bxc4 14. Nxc4 Nf6 15. Nc3
Nh5 16. O-O O-O 17. Qf3 a6 18. Bxf5 Bf6 19. Bc2 Re8 20. Rad1 Qe7 21. Ne4 Rad8
22. g4 Nxf4 23. Qxf4 Be5 24. Nxe5 dxe5 25. Nf6+ Kh8 26. Qh6 1-0

[Event "Roskilde Domkirketurnering Mester 1997"]
[Site "Roskilde"]
[Date "1997.12.04"]
[Round "7"]
[White "Pedersen, Jan Nordenbaek"]
[Black "Brekka, Hanus"]
[Result "1/2-1/2"]
[WhiteElo "2216"]
[BlackElo "2005"]
[PlyCount "23"]
[EventDate "1997.??.??"]

1. e4 d5 2. exd5 Qxd5 3. Nc3 Qa5 4. Bc4 Nf6 5. Nf3 Bg4 6. h3 Bh5 7. g4 Bg6 8.
d3 c6 9. Bd2 Qc7 10. Qe2 Nbd7 11. Nh4 e6 12. Nxg6 1/2-1/2